Music Quiz

Random Music or Song Quiz

Metallica, Maiden, Ozzy, or Sabbath (Medium) Quiz Stats

 Plays Quiz not verified by Sporcle

Score 0/40 Timer 07:00
0 Plays Today
% Correct
Ain't My B*tch
78.7%
Am I Evil?
72.8%
The Call of Ktulu
72.2%
For Whom the Bell Tolls
71.6%
Seventh Son of a Seventh Son
70.4%
The Evil That Men Do
69.8%
Creeping Death
69.8%
Electric Funeral
69.2%
Whiplash
63.9%
Changes
63.3%
Mr. Tinkertrain
62.7%
King Nothing
62.1%
Leper Messiah
61.5%
The Mob Rules
61.5%
Blood Brothers
60.4%
Snowblind
59.8%
Symptom of the Universe
59.8%
Into the Void
59.2%
Dreamer
58.6%
Perry Mason
55.6%
% Correct
I Don't Wanna Stop
55%
Goodbye to Romance
55%
Turn the Page
55%
Empire of the Clouds
51.5%
Tailgunner
49.7%
The Reincarnation of Benjamin Breeg
47.3%
For the Greater Good of God
46.2%
Paschendale
46.2%
Lady Evil
45%
Rock 'n' Roll Rebel
44.4%
You Can't Kill Rock and Roll
44.4%
End of the Beginning
42.6%
Desire
39.6%
S.A.T.O.
39.1%
The Red and the Black
39.1%
Fire In the Sky
37.3%
TV Crimes
33.7%
Coming Home
28.4%
Slither
27.2%
Danger Zone
18.9%

You're not logged in!

Compare scores with friends on all Sporcle quizzes.
Join for Free
OR
Log In

You Might Also Like...

Show Comments

Extras

Top Quizzes Today


Score Distribution

Your Account Isn't Verified!

In order to create a playlist on Sporcle, you need to verify the email address you used during registration. Go to your Sporcle Settings to finish the process.

Report this User

Report this user for behavior that violates our Community Guidelines.

Details: